| 000 | 004690000a22001930004500 | ||
|---|---|---|---|
| 001 | 002295 | ||
| 003 | MACL | ||
| 005 | 20150902125807.0 | ||
| 008 | 150902b xxu||||| |||| 00| 0 eng d | ||
| 040 |
_aMACL _cMACL |
||
| 041 | _aEnglish | ||
| 082 | _a808/CHA | ||
| 100 |
_aChander, Krishan _98528 |
||
| 245 |
_aSeven Faces Of London _cKrishan Chander |
||
| 260 |
_aDelhi _c2005 _bAsia Publisher, |
||
| 350 | _a150 | ||
| 650 |
_aLiterature _98529 |
||
| 942 |
_k808 _cBK _2ddc |
||
| 999 |
_c14207 _d14207 |
||